000 00916nam a2200253Ia 4500
003 OSt
005 20220930080921.0
006 a|||||r|||| 00| 0
007 ta
008 220926b |||||||| |||| 00| 0 eng d
024 _a99859
037 _cTheses
040 _aCRL
_cCRL
_beng
041 _2eng
_aeng
100 _aSharma Deepti Dutt
_9540162
110 _aUniversity of Delhi. Faculty of Social Sciences. Department of Adult, Continuing Education
_9540163
245 0 _aReintegration of juvenile delinquents in Delhi
_b a study of the psychosocial dimensions
650 _aADULT EDUCATION
700 _a Dr. Rajesh Gu.
_9540164
700 _a Prof. Sushma Batra Gu.
_9539622
700 _aUniversity of Delhi. Faculty of Social Sciences. Department of Adult, Continuing Education
_9540165
942 _cDIS
_2CC
999 _c870654
_d870654